| 000 | 00560nam a2200193Ia 4500 | ||
|---|---|---|---|
| 001 | 13157 | ||
| 008 | 170324s ii a g b000 u 465 u | ||
| 082 | _a515.35 | ||
| 100 | _aSharma, M.M.. | ||
| 245 | 0 |
_aLinear Difference Equations / _cM.M.Sharma,R.K.Gupta & D.C.Agarwal. _hTextual Documents |
|
| 250 | _a3rd ed. / | ||
| 260 |
_aMeerut : _bKrishna Prakashan Mandir , _cNd. |
||
| 300 |
_avii,136p. : _bill ; _c22cm . |
||
| 653 | _aDifference Equations | ||
| 653 | _aG-Mathematics | ||
| 700 | _aGupta , R.K.. | ||
| 700 | _aAgarwal, D.C.. | ||
| 942 |
_2ddc _cBK |
||
| 999 |
_c13143 _d13143 |
||